Normal view
MARC view
- البحث العلمي -المناهج
Entry Topical Term
001 - CONTROL NUMBER
- control field: 46665
003 - CONTROL NUMBER IDENTIFIER
- control field: JO-AjAnu
005 - DATE AND TIME OF LATEST TRANSACTION
- control field: 20230606081718.0
008 - FIXED-LENGTH DATA ELEMENTS
- fixed length control field: 230606|| aca||aabn | a|a d
040 ## - CATALOGING SOURCE
- Original cataloging agency: JO-AjAnu
- Transcribing agency: JO-AjAnu
150 ## - HEADING--TOPICAL TERM
- Topical term or geographic name entry element: البحث العلمي -المناهج
670 ## - SOURCE DATA FOUND
- Source citation: Work cat.: (JO-AjAnu)23886: الحمداني ،موفق / م. مشارك عدنلن الجادري ،عبد الرازاق بني هاني ؛ اشراف سعيد التل , author 46664, مناهج البحث العلمي أساسيات البحث العلمي